Informática i : sistemas operativos, windows, utilitarios, graficación, multimedia, animación, programación, internet /
Guardado en:
| Autor Principal: | |
|---|---|
| Otros Autores: | , , |
| Formato: | Libro |
| Publicado: |
Buenos Aires :
Santillana ,
1998
|
| Series: | Santillana Polimodal
|
| Materias: | |
| Etiquetas: |
Agregar Etiqueta
Sin Etiquetas, Sea el primero en etiquetar este registro!
|
| LEADER | 02031nam a22003855a 4500 | ||
|---|---|---|---|
| 001 | CEM.cems009970 | ||
| 005 | 20080228082925.0 | ||
| 008 | 130507s1998##################000#0#####d | ||
| 003 | CEMS | ||
| 020 | |a 9504605796 | ||
| 082 | 0 | 4 | |a Z001.64 |
| 100 | 1 | |a Caraballo, Silvina G. | |
| 245 | 1 | 0 | |a Informática i : |b sistemas operativos, windows, utilitarios, graficación, multimedia, animación, programación, internet / |c Silvina G. Caraballo ... [et Al.] |
| 260 | |a Buenos Aires : |b Santillana , |c 1998 | ||
| 300 | |a 319 p. + CD-ROM | ||
| 490 | 0 | |a Santillana Polimodal | |
| 505 | 0 | |a Computadora como sistema -- Hardware -- Sofatware -- Introducción al Dos -- El entorno Windows -- Introducción a los sistemas operativos Windows 95 y Windows 98 -- Procesador de textos -- El procesamiento de palabras: nivel inicial -- El procesamiento de palabras: compaginación y diseño -- El procesamiento de palabras: funciones avanzadas -- La planilla electrónica de Cálculo -- Diseño en la computadora -- Graficación basada en puntos -- Graficación basada en vectores -- Multimedia y animación -- Programación estructurada -- Programación visual -- Redes computadoras -- Internet -- Creación de sitio Web | |
| 653 | |a Informática | ||
| 653 | |a Sistemas operativos | ||
| 653 | |a Windows | ||
| 653 | |a Utilitarios | ||
| 653 | |a Graficación | ||
| 653 | |a Multimedia | ||
| 653 | |a Animación | ||
| 653 | |a Programación | ||
| 653 | |a Internet | ||
| 700 | 1 | |a Cicala, Rosa A. | |
| 700 | 1 | |a Díaz, Bibiana H. | |
| 700 | 1 | |a Santurio, Wilson R. | |
| 859 | |a CEMS |b BIB. CEMS - 11 de abril |h Z001.64 |i C175 |p 20336.99 |t Ej.1 |v I |3 I | ||
| 859 | |a CEMS |b BIB. CEMS - 11 de abril |h Z001.64 |i C175 |p 20616.99 |t Ej.2 |v I |3 I | ||
| 859 | |a CEMS |b BIB. CEMS - 11 de abril |h Z001.64 |i C175 |p 21969.03 |t Ej.3 |v I |3 I | ||
| 859 | |a CEMS |b BIB. CEMS - 11 de abril |h Z001.64 |i C175 |p 21970.03 |t Ej.4 |v I |3 I | ||
| 859 | |a CEMS |b BIB. CEMS - 11 de abril |h Z001.64 |i C175 |p 21971.03 |t Ej.5 |v I |3 I | ||
| 859 | |a CEMS |b BIB. CEMS - 11 de abril |h Z001.64 |i C175 |p 22273.03 |t Ej.6 |v I |3 I | ||
